000 01077nam0a2200313 4500
001 RU\NLR\BIBL_A\012085804
005 20191113151822.0
010 _a978-5-00150-330-9
_950
021 _aRU
_bКН-П-19-056822
_9КН-П-19-4083
035 _a(NLR Aleph) 012085804
035 _a(RuMoRGB)010053554
090 _a11828005
_c11828005
100 _a20190903d2019 u y0rusy50 ca
101 0 _arus
_drus
102 _aRU
105 _a |||z|||000zy
200 1 _aПаразиты мыслящие - проблема всех времён и народов
_fВладимир Дюпин
210 _aМосква
_cПеро
_d2019
215 _a143 с.
_cил., табл.
_d21
606 1 _aСоциальное неравенство
_jПопулярные издания
_2nlr_sh1
_2nlr_sh2
_3RU\NLR\AUTH\66783316
686 1 _aС550.324я9
686 2 _aШ6(2=Р)8-47
700 1 _aДюпин
_bВ.
_gВладимир
942 _cBOOK
980 _aNBR
980 _aNB